Statistics for The Six Kingdoms of Life

Click here to take the quiz!

General Stats

  • This quiz has been taken 36 times
  • The average score is 4 of 6

Answer Stats

# of cells Complexity Kingdom % Correct
Multi-celledComplexAnimals
100%
Multi-celledComplexPlants
91%
Multi-celledComplexFungi
82%
Single-celledSimpleArchaebacteria
33%
Single-celledComplexProtists
33%
Single-celledSimpleEubacteria
18%

Score Distribution

Percentile by Number Answered

Percent of People with Each Score

Your Score History

You have not taken this quiz